| 000 | 00743nam a2200253 i 4500 | ||
|---|---|---|---|
| 001 | 000040005 | ||
| 003 | DO-SdBNP | ||
| 005 | 20230529095757.0 | ||
| 007 | ta | ||
| 008 | 130802s1946 sp 000 0 spa d | ||
| 040 |
_aDO-SdBNP _bspa _cBNPHU _erda |
||
| 082 | 4 | _222 | |
| 100 | 1 |
_aAnneo Seneca, Lucio _966235 _eautor |
|
| 245 | 1 | 0 |
_aTragedias completas / _cLucio Anneo Seneca ; traducción Lorenzo Riber. |
| 250 | _a2a ed. | ||
| 264 |
_aMadrid : _bM. Aguilar, _c1946. |
||
| 300 |
_a539 páginas : _bilustraciones ; _c12 cm. |
||
| 336 |
_2rdacontent _atexto _btxt |
||
| 337 |
_2rdamedia _asin mediación _bn |
||
| 338 |
_2rdacarrier _avolumen _bnc |
||
| 490 |
_aCrisol _v18 |
||
| 700 | 1 |
_aRiber, Lorenzo, _etradustor _966236 |
|
| 942 |
_2ddc _cLBS1 |
||
| 999 |
_c39495 _d39495 |
||